000 00361 a2200169 4500
001 166616
020 _a85-16-00893-2
040 _cMagnum
100 _aTelles, Carlos Queiroz
240 1 0 _aA cama que sonhava
_lpor
245 1 0 _aA cama que sonhava
300 _a70
362 0 _a1994
440 1 _aModerna
697 _aLITERATURA JUVENIL
942 _cBK
999 _c166616
_d166616